| 000 | 00000nas 2200000za 4500 |
| 001 | 9.846538 |
| 003 | CaOODSP |
| 005 | 20221107153227 |
| 007 | cr ||||||||||| |
| 008 | 171102d19721977oncar p o f0###b0fre|d |
| 022 | |y0318-3793 |
| 040 | |aCaOODSP|bfre |
| 043 | |an-cn--- |
| 086 | 1 |aR1-94F-PDF |
| 110 | 1 |aCanada.|bAffaires indiennes et du Nord. |
| 245 | 10|aRapport annuel |h[ressource électronique] / |cAffaires indiennes et du Nord. |
| 260 | |aOttawa : |bAffaires indiennes et du Nord, |c1972-1977. |
| 310 | |aAnnuel |
| 362 | 1 |aParaît depuis 1970/1971; ne paraît plus après 1976/1977. |
| 500 | |aPubl. aussi en anglais sous le titre : Annual report. |
| 500 | |aTitre de la couv. |
| 515 | |aL'année d'activité se termine le 31 mars. |
| 692 | 07|2gccst|aAffaires autochtones |
| 775 | 08|tAnnual report |w(CaOODSP)9.846533 |
| 785 | 00|tRapport annuel |w(CaOODSP)9.846543 |